Social Psychology / Fourth Edition (Record no. 2180)
[ view plain ]
| 000 -LEADER | |
|---|---|
| fixed length control field | 01298cam a22002174a 4500 |
| 005 - ΗΜΕΡΟΜΗΝΙΑ ΚΑΙ ΩΡΑ ΤΕΛΕΥΤΑΙΑΣ ΕΝΗΜΕΡΩΣΗΣ | |
| Πεδίο ελέγχου | 20250605164033.0 |
| 008 - FIXED-LENGTH DATA ELEMENTS--GENERAL INFORMATION | |
| Πεδίο ελέγχου σταθερού μήκους | 250528s ||||||||||||||||||||||||d |
| 035 ## - SYSTEM CONTROL NUMBER | |
| System control number | 16707 |
| 020 ## - ISBN | |
| ISBN | 273686992 |
| 040 ## - ΠΗΓΗ ΚΑΤΑΛΟΓΟΓΡΑΦΗΣΗΣ | |
| Φορέας πρωτότυπης καταλογογράφησης | MC Athens Campus Library |
| Γλώσσα καταλογογράφησης | Ελληνικά, Μοντέρνα (1453-) |
| Modifying agency | MC Athens Campus Library |
| Κανόνες περιγραφικής καταλογογράφησης | AACR2 |
| 245 1# - ΤΙΤΛΟΣ ΚΑΙ ΔΗΛΩΣΗ ΥΠΕΥΘΥΝΟΤΗΤΑΣ | |
| Τίτλος | Social Psychology / Fourth Edition |
| 250 ## - EDITION STATEMENT | |
| Edition statement | 4th |
| 260 ## - PUBLICATION, DISTRIBUTION, ETC. | |
| Name of publisher, distributor, etc. | Pearson - Prentice Hall, |
| Date of publication, distribution, etc. | 2005 |
| 300 ## - PHYSICAL DESCRIPTION | |
| Extent | 770 |
| 520 ## - SUMMARY, ETC. | |
| Summary, etc. | This book provides an accessible and stimulating introduction to the field. Fully revised and updated to reflect recent research, it consolidates European and North American perspectives to provide coverage of social psychology that meets the needs of undergraduate students. Preface, Publisher's Acknowledgements, Guided Tour, Web Tour, Introducing Social Psychology, Social Cognition and Social Thinking, Attribution and Social Knowledge, Self and Identity, Attitudes, Persuasion and Attitude Change, Social Influence, People in Groups, Leadership and Decision Making, Prejudice and Discrimination, Intergroup Behavior, Aggression, Affiliation and Attraction and Love, Prosocial Behavior, Language and Communication, Culture, Glossary, References, Author and Subject Index. |
| 700 1# - ΠΡΟΣΘΕΤΗ ΑΝΑΓΡΑΦΗ--ΦΥΣΙΚΟ ΠΡΟΣΩΠΟ | |
| Personal name | Hogg Michael A |
| 9 (RLIN) | 540 |
| 700 1# - ΠΡΟΣΘΕΤΗ ΑΝΑΓΡΑΦΗ--ΦΥΣΙΚΟ ΠΡΟΣΩΠΟ | |
| Personal name | Vaughan Graham M |
| 9 (RLIN) | 541 |
| 942 ## - ADDED ENTRY ELEMENTS (KOHA) | |
| Koha item type | Books |
| Τύπος τεκμηρίου | Βιβλιοθήκη | Τρέχουσα τοποθεσία | Barcode | Αριθμός εισαγωγής | Ημερομηνία απόκτησης | Ταξιθετικό σύμβολο | Αριθμός αντιτύπου | Κατάσταση απόσυρσης | Κατάσταση χαμένου | Κατάσταση κατεστραμμένου | Μη δανεισμός | Σύνολο δανεισμών | Σύνολο ανανεώσεων | Ημερομηνία τελευταίας εμφάνισης | Χρονολογία τελευταίου δανεισμού | Η τιμή ισχύει από | Τοποθεσία |
|---|---|---|---|---|---|---|---|---|---|---|---|---|---|---|---|---|---|
| Books | MC Athens Campus Library | MC Athens Campus Library | 9780000021793 | 4918 | 05/06/2025 | 302 HOG | 3 | 4 | 4 | 03/04/2026 | 16/03/2026 | 05/06/2025 | |||||
| Books | MC Athens Campus Library | MC Athens Campus Library | 9780000101044 | 8287 | 30/01/2026 | 302 HOG | 1 | 30/01/2026 | 30/01/2026 | Παράρτημα Γλυφάδας |